Amikejo (Record no. 1735)

MARC details
000 -LEADER
campo de control de longitud fija 00488nam a22001337a 4500
008 - DATOS DE LONGITUD FIJA--INFORMACIÓN GENERAL
campo de control de longitud fija 190222b xxu||||| |||| 00| 0 eng d
020 ## - NÚMERO INTERNACIONAL ESTÁNDAR DEL LIBRO
Número Internacional Estándar del Libro 9788896501832
082 ## - NÚMERO DE LA CLASIFICACIÓN DECIMAL DEWEY
Número de clasificación 708
Número de ítem AN565a
100 ## - ENTRADA PRINCIPAL--NOMBRE DE PERSONA
Nombre de persona "Latitudes" Andrews, Max y Cánepa Luna, Mariana (Curadores)
9 (RLIN) 6927
245 ## - MENCIÓN DEL TÍTULO
Título Amikejo
260 ## - PUBLICACIÓN, DISTRIBUCIÓN, ETC.
Lugar de publicación, distribución, etc. España
Nombre del editor, distribuidor, etc. Mousse Publishing
Fecha de publicación, distribución, etc. 2012
300 ## - DESCRIPCIÓN FÍSICA
Extensión 215 p.
Otras características físicas ill (col).
Dimensiones 23,2 x 16,8 cm
650 ## - PUNTO DE ACCESO ADICIONAL DE MATERIA--TÉRMINO DE MATERIA
Fuente del encabezamiento o término Arte - contemporáneo
Subdivisión de forma Arte - exhibiciones
Subdivisión general Arte - instalaciones
-- Arte - exhibición coleciva
9 (RLIN) 6928
Holdings
Estatus retirado Estado de pérdida Fuente del sistema de clasificación o colocación Estado de daño No para préstamo Biblioteca de origen Biblioteca actual Ubicación en estantería Fecha de adquisición Total de préstamos Signatura topográfica completa Código de barras Visto por última vez Precio de reemplazo Tipo de ítem Koha
    Clasificación Decimal Dewey     Biblioteca LadoV Biblioteca LadoV   22/02/2019   708 AN565a 001232 22/02/2019 22/02/2019 Material 01